Arya Samaj. (Record no. 5972)
[ view plain ]
| 000 -LEADER | |
|---|---|
| fixed length control field | 00666nam a2200253 a 4500 |
| 020 ## - INTERNATIONAL STANDARD BOOK NUMBER | |
| ISBN | |
| 082 00 - DEWEY DECIMAL CLASSIFICATION NUMBER | |
| Classification number | 294.5563 |
| Author Cutter | IBA |
| 100 ## - MAIN ENTRY--AUTHOR NAME | |
| Author name | Ibadullah, Giyani |
| 245 ## - TITLE STATEMENT | |
| Title | Arya Samaj. |
| 260 ## - PUBLICATION, DISTRIBUTION, ETC. (IMPRINT) | |
| Place of publication | Qadian |
| Name of publisher | Taraqi Islam |
| Year of publication | 1939 |
| 300 ## - PHYSICAL DESCRIPTION | |
| Number of Pages | 42p |
| 500 ## - GENERAL NOTE | |
| General note | includes index and biblioraphy |
| 505 2# - FORMATTED CONTENTS NOTE | |
| Formatted contents note | also contains nishan-e-asmani, asmani faisla siraj-e-munir and risala tuhfa-e-baghdad. |
| 650 ## - SUBJECT ADDED ENTRY--TOPICAL TERM | |
| Topical Term | Arya Samaj |
| 650 ## - SUBJECT ADDED ENTRY--TOPICAL TERM | |
| Topical Term | Hinduism-History |
| 942 ## - ADDED ENTRY ELEMENTS (KOHA) | |
| Koha item type | Books |
| 700 1# - | |
| -- | Ibadullah, Giyani |
| Collection code | Home library | Current library | Date acquired | Cost, normal purchase price | Full call number | Accession Number | Koha item type |
|---|---|---|---|---|---|---|---|
| Henry Martyn Institute Library | Henry Martyn Institute Library | 07/25/2007 | 100.00 | 294.5563 IBA | 06464 | Books |
